Plinius leírása mesés és különleges lényekről
C. Plinius Secundus Maior Naturalis historia műve 6. könyvében (cap. 187–195) a lakott világ határainál fekvő Aethiopia jellemzésénél csodás és fantasztikus élőlényekről is ír. Jelen munkában e részlet fordítása olvasható bevezetővel és jegyzetekkel ellátva. In Book 6 of Natural History (cap. 187-19...
Elmentve itt :
| Szerző: | |
|---|---|
| További közreműködők: | |
| Dokumentumtípus: | Cikk |
| Megjelent: |
MTA-SZTE Antikvitás és reneszánsz: források és recepció Kutatócsoport
Szeged
2022
|
| Sorozat: | Antikvitás és reneszánsz
|
| Kulcsszavak: | Műfordítás, Latin irodalom - tudományos - 1. sz. - forrás |
| Tárgyszavak: | |
| doi: | 10.14232/antikren.2022.k.317-332 |
| Online Access: | http://acta.bibl.u-szeged.hu/77304 |
| LEADER | 01519nab a2200253 i 4500 | ||
|---|---|---|---|
| 001 | acta77304 | ||
| 005 | 20221114133909.0 | ||
| 008 | 221114s2022 hu o 0|| hun d | ||
| 022 | |a 2560-2659 | ||
| 024 | 7 | |a 10.14232/antikren.2022.k.317-332 |2 doi | |
| 040 | |a SZTE Egyetemi Kiadványok Repozitórium |b hun | ||
| 041 | |a hun | ||
| 041 | |a lat | ||
| 100 | 1 | |a Székely Melinda | |
| 245 | 1 | 0 | |a Plinius leírása mesés és különleges lényekről |h [elektronikus dokumentum] / |c Székely Melinda |
| 260 | |a MTA-SZTE Antikvitás és reneszánsz: források és recepció Kutatócsoport |b Szeged |c 2022 | ||
| 300 | |a 317-332 | ||
| 490 | 0 | |a Antikvitás és reneszánsz | |
| 520 | 3 | |a C. Plinius Secundus Maior Naturalis historia műve 6. könyvében (cap. 187–195) a lakott világ határainál fekvő Aethiopia jellemzésénél csodás és fantasztikus élőlényekről is ír. Jelen munkában e részlet fordítása olvasható bevezetővel és jegyzetekkel ellátva. In Book 6 of Natural History (cap. 187-195), C. Pliny, in his description of Aethiopia, on the borders of the inhabited world, also describes miraculous and fantastic creatures. In this work, a translation of this extract is given with an introduction and notes. | |
| 650 | 4 | |a Bölcsészettudományok | |
| 650 | 4 | |a Nyelvek és irodalom | |
| 695 | |a Műfordítás, Latin irodalom - tudományos - 1. sz. - forrás | ||
| 700 | 0 | 2 | |a Plinius Secundus Caius |
| 856 | 4 | 0 | |u http://acta.bibl.u-szeged.hu/77304/1/antikvitas_es_reneszansz_kulonszam_317-332.pdf |z Dokumentum-elérés |